000 00331nam a22001457a 4500
020 _a978-81-8482-197-0
082 _a823
_bPAI/A
100 _aPAI, ANANT
245 _aANIRUDDHA
260 _aMUMBAI
_bAMAR CHITHA KATHA
300 _a32
520 _aENGLISH SHORT STORIES
650 _aENGLISH SHORT STORIES
_zMUMBAI
942 _cBK
999 _c5214
_d5214